Loading...
Fine Arts - Classical Music | 1 | 20.00 | 100% | 100% | 0% |
Fine Arts - Other Fine Arts | 1 | 10.00 | 100% | 0% | 0% |
History - American History | 1 | 10.00 | 100% | 0% | 0% |
History - European History | 2 | 10.00 | 50% | 50% | 0% |
History - Other History | 2 | 15.00 | 50% | 50% | 50% |
Literature - American Literature | 2 | 15.00 | 100% | 50% | 0% |
Literature - British Literature | 1 | 10.00 | 100% | 0% | 0% |
Literature - World/Other Literature | 2 | 10.00 | 100% | 0% | 0% |
Mythology | 1 | 10.00 | 100% | 0% | 0% |
Philosophy | 1 | 10.00 | 0% | 100% | 0% |
Religion | 1 | 10.00 | 0% | 100% | 0% |
Science - Biology | 1 | 10.00 | 100% | 0% | 0% |
Science - Chemistry | 1 | 20.00 | 0% | 100% | 100% |
Science - Physics | 1 | 10.00 | 0% | 100% | 0% |
Social Science | 2 | 10.00 | 100% | 0% | 0% |